000
00292nam a22001337a 4500
008
170315b xxu||||| |||| 00| 0 eng d
020
_a
0061412635
041
_a
eng
080
_2
4 ED
_a
611
100
_a
7
101
_a
SHM
245
_a
TEXTBOOK ANATOMY
_c
HOLLINSHEAD.W.H
942
_2
udc
_c
BK
999
_c
7836
_d
7836